000 00555nam a22002057a 4500
003 LK-CoMWRAF
005 20240103115655.0
008 230909b |||||||| |||| 00| 0 eng d
020 _a8125011080
040 _aLK-CoMWRAF
_dLK-CoMWRAF
_eLK-CoMWRAF
041 _aeng
082 _a823
_bMIS
100 _aMistri, A. J.
245 _aKing arthur and his knights of round table
260 _aIndia :
_bOrient longman Limited,
_c1978
650 _aEnglish Fiction
700 _aChoksi, M.
_eed.
700 _aSeth, Nikki Ty-Tomkins
_eills.
942 _cBK
999 _c3505
_d3505